Missing Word: Album Titles II Quiz Stats

 Plays Quiz Updated Mar 10, 2016

Challenge
Share
Tweet
Embed
Score 0/0 Timer 05:00
0 Plays Today
Album Title Missing Word % Correct
Sgt. Pepper's ______ Hearts Club Band Lonely
95.1%
The ______ Side of the MoonDark
87.5%
Bridge Over ______ WaterTroubled
86%
______ RainPurple
85.6%
London ______Calling
66.6%
______ Yellow Brick RoadGoodbye
57.1%
At ______ PrisonFolsom
54.4%
______ for DestructionAppetite
50.7%
The ______ Is DeadQueen
46.6%
A Night at the ______Opera
44%
______ SoundsPet
40%
Are You ______?Experienced
38.4%
______ BabyAchtung
38.3%
Who Will ______ Our Hair When We're Gone?Cut
38%
______ ComputerOK
37.5%
Album Title Missing Word % Correct
______ 61 RevisitedHighway
35.9%
Songs in the Key of ______Life
34.5%
Never Mind the ______, Here's the Sex PistolsBollocks
33.2%
Mellon Collie and the ______ SadnessInfinite
29.6%
______ on Main Street Exile
26.4%
The Rise and Fall of Ziggy Stardust and the ______ From MarsSpiders
26.3%
The ______ SpiralDownward
25.8%
Velvet Underground and ______Nico
19.4%
It Takes a ______ of Millions to Hold Us BackNation
17.1%
______ WeeksAstral
12.6%
The Kinks Are the Village ______ Preservation SocietyGreen
12.5%
In the ______ Over the SeaAeroplane
10.8%
Music From Big ______Pink
10.3%
Rocket to ______Russia
8%
Midnite ______Vultures
7.8%

Today's Daily Dose

You're not logged in!

Compare scores with friends on all Sporcle quizzes.
OR
Log In

You Might Also Like...

Show Comments

Extras

Top Quizzes Today


Score Distribution

Your Account Isn't Verified!

In order to create a playlist on Sporcle, you need to verify the email address you used during registration. Go to your Sporcle Settings to finish the process.

Report this User

Report this user for behavior that violates our Community Guidelines.

Details: